La casa del hornero : belleza, verdad y lección alada de arquitectura /

Bibliographic Details
Main Author: Jaramillo Medina, Carlos (Author)
Format: Electronic eBook
Language:Spanish
Published: Cuenca, Ecuador : Universidad del Azuay, Casa Editora, [2020]
Edition:Segunda edición.
Series:Artem (Universidad del Azuay, Casa Editora)
Subjects:
Online Access:Digitalia Hispánica

MARC

LEADER 00000nam a2200000Ii 4500
001 DIGUAZUAY0092
003 NyNyDIG
006 m o d
007 cr |||||||||||
008 251104s2020 ec ao o 000 0 spa d
035 |a (OCoLC)1438861820 
040 |a DGITA  |b eng  |e rda  |e pn  |c DGITA 
020 |a 9789942822659  |q eBook 
050 1 4 |a SB469 ebook 
100 1 |a Jaramillo Medina, Carlos,  |e author. 
245 1 3 |a La casa del hornero :  |b belleza, verdad y lección alada de arquitectura /  |c Carlos Jaramillo. 
250 |a Segunda edición. 
264 1 |a Cuenca, Ecuador :  |b Universidad del Azuay, Casa Editora,  |c [2020] 
300 |a 1 online resource :  |b illustrations, photographs. 
336 |a text  |b txt  |2 rdacontent 
337 |a computer  |b c  |2 rdamedia 
338 |a online resource  |b cr  |2 rdacarrier 
347 |a text file  |2 rdaft 
347 |b PDF 
490 1 |a Artem 
588 0 |a Online resource; title from PDF title page (Digitalia, viewed November 4, 2025) 
650 0 |a Landscape architecture. 
791 2 |a Digitalia (Firm),  |e distributor. 
793 0 |g Digitalia eBook Collection:  |a Universidad del Azuay 
830 0 |a Artem (Universidad del Azuay, Casa Editora) 
856 4 0 |3 Digitalia Hispánica  |u https://www.digitaliapublishing.com/a/133476/ 
910 |a Premium collection: 2025